000 00309nam a22001337a 4500
008 170401b xxu||||| |||| 00| 0 eng d
020 _a666410014954
041 _aeng
080 _a617
100 _a8
101 _aSHM
245 _aMAYO CLINIC ON VISION AND EYE HEALTH
_cBUETTNER, H
942 _2udc
_cBK
999 _c9386
_d9386